Archívnictvo a registratúra - zmeny v zákone
Zákon o archívoch a registratúrach (č. 515/2003 Z.z.) bol novelizovaný zákonom č. 216/2007 Z.z., účinným od 1. júna 2007. Problémy, ktoré rieši táto novela zákona.
Guardado en:
| Autor principal: | |
|---|---|
| Formato: | Capítulo de libro |
| Lenguaje: | eslovaco |
| Materias: | |
| Etiquetas: |
Sin Etiquetas, Sea el primero en etiquetar este registro!
|
MARC
| LEADER | 00000naa$a2200000$$$4500 | ||
|---|---|---|---|
| 001 | 0060314 | ||
| 005 | 20231120105912.9 | ||
| 041 | 0 | |a slo | |
| 044 | |a SK | ||
| 245 | 1 | 0 | |a Archívnictvo a registratúra - zmeny v zákone |c Ján Mintál |
| 520 | |a Zákon o archívoch a registratúrach (č. 515/2003 Z.z.) bol novelizovaný zákonom č. 216/2007 Z.z., účinným od 1. júna 2007. Problémy, ktoré rieši táto novela zákona. | ||
| 610 | 2 | 0 | |a archívy |
| 610 | 2 | 0 | |a registre |
| 610 | 2 | 0 | |a plán |
| 610 | 2 | 0 | |a zákony |
| 610 | 2 | 0 | |a novelizácia |
| 610 | 2 | 0 | |a Slovensko |
| 100 | 1 | |a Mintál, Ján | |